000 01454nam0a2200349 4500
001 RU\NLR\bibl\1317657
005 20260406090810.0
010 _a978-5-94280-372-8
_93500
021 _aRU
_b2008-92463
_95415
035 _a(NLR Aleph) 001303029
090 _a631446
_c631446
100 _a20090120d2009 |||y0rusy50 ca
101 0 _arus
102 _aRU
105 _aa |||||||||
200 1 _aАттестация рабочих мест по условиям труда в организациях
_eрекомендации и нормативные документы
_fО. С. Ефремова
205 _aИзд. 2-е, перераб. и доп.
210 _aМосква
_cАльфа-Пресс
_d2009 [т. е. 2008]
215 _a636, [1] с.
_cил.
_d20
309 _aКн. фактически изд. в 2008 г.
606 1 _aРабочее место
_jНормативные документы
_jСборники
_xГигиена
_92045377
_3RU\NLR\auth\66943254
606 1 _aРабочие места
_xАттестация
_yРоссийская Федерация
_92096782
_3RU\NLR\auth\661268577
686 _aР124.2я43
686 _aУ24(2)216
686 _aУ24(2)7
700 1 _4070
_8rus
_7ca
_aЕфремова
_bО. С.
_gОльга Сергеевна
_3RU\NLR\AUTH\7759175
_942107
801 0 _aRU
_bNLR
_c20090120
_gRCR
801 1 _aRU
_bNLR
_c20090120
942 _cBOOK
980 _aNB